| 000 | 00654nam a2200241Ia 4500 | ||
|---|---|---|---|
| 003 | OSt | ||
| 005 | 20220918203104.0 | ||
| 006 | a|||||r|||| 00| 0 | ||
| 007 | ta | ||
| 008 | 220917b |||||||| |||| 00| 0 eng d | ||
| 024 | _a105,931 | ||
| 037 | _cTextual | ||
| 040 |
_aARTS _cARTS _beng |
||
| 041 |
_2eng _aeng |
||
| 082 | _aV3:19(X:275).63.N7, L7 | ||
| 100 | _aJones D | ||
| 245 | 0 |
_aAid and development in Southern Africa _b British aid to Botswana |
|
| 260 |
_aLondon _bCroom _c1977 |
||
| 300 |
_a313p. _ccm. |
||
| 650 | _aHISTORY | ||
| 942 |
_hV3:19(X:275).63.N7, L7 _cTEXL _2CC |
||
| 999 |
_c229289 _d229289 |
||